<?xml version="1.0" encoding="UTF-8"?>
<record
    xmlns:xsi="http://www.w3.org/2001/XMLSchema-instance"
    xsi:schemaLocation="http://www.loc.gov/MARC21/slim http://www.loc.gov/standards/marcxml/schema/MARC21slim.xsd"
    xmlns="http://www.loc.gov/MARC21/slim">

  <leader>00816nam a22002177a 4500</leader>
  <controlfield tag="005">20231102151601.0</controlfield>
  <controlfield tag="008">130813t2012    M      e |||| 00| 0 S   d</controlfield>
  <datafield tag="020" ind1=" " ind2=" ">
    <subfield code="a">978-607-09-0143-0</subfield>
  </datafield>
  <datafield tag="050" ind1=" " ind2=" ">
    <subfield code="a">KB333  P46</subfield>
  </datafield>
  <datafield tag="100" ind1="1" ind2="0">
    <subfield code="9">P&#xC9;REZ FERN&#xC1;NDEZ DEL CASTILLO, Bernardo, autor</subfield>
  </datafield>
  <datafield tag="245" ind1="1" ind2="0">
    <subfield code="a">Derecho notarial</subfield>
    <subfield code="c"> / Bernardo P&#xE9;rez Fern&#xE1;ndez del Castillo</subfield>
  </datafield>
  <datafield tag="250" ind1=" " ind2=" ">
    <subfield code="a">18a edici&#xF3;n.</subfield>
  </datafield>
  <datafield tag="260" ind1=" " ind2=" ">
    <subfield code="a">M&#xE9;xico</subfield>
    <subfield code="b"> : Porr&#xFA;a</subfield>
    <subfield code="c"> , 2012</subfield>
  </datafield>
  <datafield tag="300" ind1=" " ind2=" ">
    <subfield code="a">xxxi, 461 p&#xE1;ginas.</subfield>
    <subfield code="c"> ; 24 cm.</subfield>
  </datafield>
  <datafield tag="500" ind1=" " ind2=" ">
    <subfield code="a">Educaci&#xF3;n Mixta.</subfield>
  </datafield>
  <datafield tag="500" ind1=" " ind2=" ">
    <subfield code="a">Incluye: &#xED;ndice general, bibliograf&#xED;a, &#xE1;pendice general e &#xED;ndice de ejecutorias y jurisprudencia definida de la Suprema Corte de Justicia relacionadas con la actitud notarial.</subfield>
  </datafield>
  <datafield tag="650" ind1="1" ind2="0">
    <subfield code="2">CONTRATOS</subfield>
  </datafield>
  <datafield tag="650" ind1="2" ind2="0">
    <subfield code="2">TESTAMENTOS</subfield>
  </datafield>
  <datafield tag="650" ind1="3" ind2="0">
    <subfield code="2">NOTARIOS</subfield>
    <subfield code="v">LEYES Y LEGISLACI&#xD3;N</subfield>
  </datafield>
  <datafield tag="942" ind1=" " ind2=" ">
    <subfield code="c">LB</subfield>
    <subfield code="2">ddc</subfield>
  </datafield>
  <datafield tag="952" ind1=" " ind2=" ">
    <subfield code="0">0</subfield>
    <subfield code="1">0</subfield>
    <subfield code="2">lcc</subfield>
    <subfield code="4">0</subfield>
    <subfield code="7">0</subfield>
    <subfield code="a">09</subfield>
    <subfield code="b">09</subfield>
    <subfield code="d">2013-08-13</subfield>
    <subfield code="l">3</subfield>
    <subfield code="o">KB333  P46</subfield>
    <subfield code="p">09 001719</subfield>
    <subfield code="r">2017-02-18</subfield>
    <subfield code="s">2017-02-18</subfield>
    <subfield code="t">1</subfield>
    <subfield code="w">2013-08-13</subfield>
    <subfield code="y">LB</subfield>
  </datafield>
  <datafield tag="999" ind1=" " ind2=" ">
    <subfield code="c">90380</subfield>
    <subfield code="d">90380</subfield>
  </datafield>
</record>
